| 000 | 01729nam a22002777a 4500 | ||
|---|---|---|---|
| 003 | OSt | ||
| 005 | 20251120162125.0 | ||
| 008 | 251119b |||||||| |||| 00| 0 eng d | ||
| 020 | _a9789580449355 | ||
| 037 | _bDonación | ||
| 040 |
_aCO-JMCR _cCO-JMCR _bspa _dCO-JMCR _erda |
||
| 041 | 1 |
_aspa _hita |
|
| 082 | 0 | 4 |
_aA-N _bBARo1 |
| 100 | 1 |
_aBaricco, Alessandro, _d1958 - _944434 |
|
| 245 | 1 | 0 |
_aOcéano mar / _cAlessandro Baricco ; traducción de Laura Cannas. |
| 264 |
_aSanta Fe de Bogotá : _bGrupo Editorial Norma, _c1998. |
||
| 300 |
_a279 páginas ; _c21 cm. |
||
| 490 | 0 |
_aColección la otra orilla _v44435 |
|
| 500 | _aIncluye biografía en la solapa posterior. | ||
| 520 | 3 | _aCoincidieron, hace mucho tiempo, en Almayer, una remota pensión costera. Venían de distintos lugares del mundo, con sus historias a cuestas, y no se conocían entre ellos. Un escritor, un pintor, un científico preocupado por los límites de las cosas, una mujer infiel, una bella enferma y el sobreviviente de un pavoroso naufragio llegaron de muy lejos para aliviar sus penas: encontrar una respuesta a sus dudas, olvidar un amor descarriado o dar con el único posible, cumplir una venganza insaciable o descubrir la cura para un mal devastador. El portentoso océano los reunió allí: y bajo su influjo, sus vidas estancadas retomaron su curso. Mezcla de poesía y fábula, de relato de aventuras y de novela filosófica, Océano mar confirma el talento singular de Alessandro Baricco, el inspirado autor de Seda. | |
| 534 |
_pTítulo original : _tOceano mare. |
||
| 650 | 7 |
_aNovela italiana. _2JMCR _9832 |
|
| 650 | 7 |
_aVida cotidiana _vNovela. _2JMCR _944436 |
|
| 700 | 1 |
_aCannas, Laura, _etraductora _944437 |
|
| 942 |
_2ddc _cBK |
||
| 999 |
_c31114 _d17498 |
||